| 000 | 00489nam a2200121Ia 4500 | ||
|---|---|---|---|
| 008 | 220615s9999||||xx |||||||||||||| ||und|| | ||
| 100 | _aSergiy Gnatyuk | ||
| 245 | 0 | _aAdvanced Technologies of Quantum Key Distribution | |
| 546 | _aEnglish[eng] | ||
| 650 | _aPhysical Sciences||Engineering and Technology||Communications and Security||Computer and Information Science||Cryptography | ||
| 856 | _uhttps://www.intechopen.com/books/advanced-technologies-of-quantum-key-distribution | ||
| 942 | _cEB | ||
| 999 |
_c7919 _d7919 |
||